000 00297nam a22001337a 4500
008 180924b xxu||||| |||| 00| 0 eng d
020 _a9780761987178
041 _aeng
080 _22nd
_a316
100 _a50
101 _aSOC
245 _aIllumating Social Life
_cKivisto,P
942 _2udc
_cBK
999 _c48373
_d48373